Statistics for Teenage slang

Click here to take the quiz!

General Stats

  • This quiz has been taken 105 times
  • The average score is 7 of 15

Answer Stats

teenage slangAnswer% Correct
short word for familyfam
90%
"Greatest of all time"goat
80%
gossip or "spill the ____"tea
77%
when someone acts weird or they are the imposter then they are ___.sus
75%
Word that means something is not truecap
73%
name for an entitled momkaren
59%
when food slapsbussin
49%
when you throw somethingyeet
44%
Word that means something is truefacts
42%
hot or trendyfire
35%
when somebody's outfit is good lookingdrip
29%
A response where you indicate agreementbet
19%
cool or awesomedope
19%
when someone is bitter or crankysalty
16%
when you have a nice layup packagejelly
9%

Score Distribution

Percentile by Number Answered

Percent of People with Each Score

Your Score History

You have not taken this quiz